| 000 | 00619nam a2200169 4500 | ||
|---|---|---|---|
| 001 | 109236 | ||
| 003 | ES-MaACL | ||
| 005 | 20230906184814.0 | ||
| 007 | t| | ||
| 008 | 061121s1968 sp r ||||1| spa d | ||
| 245 | 0 | 0 | _aMiscelánea ofrecida al Ilmo. Sr. Dr. José María Lacarra y de Miguel. |
| 260 |
_aZaragoza : _bUniversidad. Facultad de Filosofía y Letras, _c1968. |
||
| 300 |
_a491 p., 10 lám. : _bil. = ret. homenaj. ; _c25 cm. |
||
| 700 | 1 |
_aLacarra, José María ( _d1907-1987) _969329 |
|
| 710 | 2 |
_aUniversidad de Zaragoza. _bFacultad de Filosofía y Letras. _9169928 |
|
| 852 |
_aES-MaACL _jG-6439 _bR.66006 |
||
| 999 |
_c109236 _d109236 |
||